| 000 | 00378nam a22001457a 4500 | ||
|---|---|---|---|
| 003 | MACL | ||
| 005 | 20191122155911.0 | ||
| 008 | 191122b xxu||||| |||| 00| 0 eng d | ||
| 040 | _cMACL | ||
| 100 |
_aElst, Kornraad _977236 |
||
| 245 | _aStill No Trace of an Aryan Invasion | ||
| 260 |
_aDelhi _bAryan Books International _c2018 |
||
| 650 |
_aReligion _977237 |
||
| 942 |
_2ddc _cBK |
||
| 999 |
_c61375 _d61375 |
||